000
00316nam a2200121Ia 4500
008
190902s9999||||xx |||||||||||||| ||und||
020
_a
0-8013-0403-2
100
_a
Sobel,David S.
245
4
_a
The Healthy mind Healthy body handbook
260
_a
New York
_b
Patient Education
_c
1996
300
_a
284P.:
942
_c
BK
999
_c
2807
_d
2807